Problematika státního dozoru

Finančný trh a nevyhnutnosť výkonu štátneho dozoru. Zákony upravujúce oblasť finančného trhu. Podstata výkonu štátneho dozoru spočíva v povoľovaní vymedzených činností, v kontrole dodržiavania zákonov, predpisov a legislatívnych úprav. Význam štátneho dozoru v etape budovania finančného trhu v podmi...

Descrizione completa

Salvato in:
Dettagli Bibliografici
Autore principale: Kaminský, R.
Natura: Capitolo di libro
Lingua:ceco
Soggetti:
Tags: Aggiungi Tag
Nessun Tag, puoi essere il primo ad aggiungerne!!

MARC

LEADER 00000naa a2200000 4500
001 r013013
005 20221213082904.7
041 0 |a cze 
044 |a CZ 
245 1 0 |a Problematika státního dozoru  |c R. Kaminský 
520 |a Finančný trh a nevyhnutnosť výkonu štátneho dozoru. Zákony upravujúce oblasť finančného trhu. Podstata výkonu štátneho dozoru spočíva v povoľovaní vymedzených činností, v kontrole dodržiavania zákonov, predpisov a legislatívnych úprav. Význam štátneho dozoru v etape budovania finančného trhu v podmienkach trhového hospodárstva. Vymedzenie základných úloh štátneho dozoru v ČR. Súčasné problémy realizácie v praxi. 
610 2 0 |a dozor štátny 
610 2 0 |a trh finančný 
610 2 0 |a hospodárstvo trhové 
610 2 0 |a kontrola 
610 2 0 |a zákony 
610 2 0 |a legislatíva 
610 2 0 |a burzy 
610 2 0 |a využitie počítačov 
610 2 0 |a sankcie 
610 2 0 |a trh kapitálový 
610 2 0 |a poisťovníctvo 
610 2 0 |a Česko 
100 1 |a Kaminský, R.